Normal view
MARC view
- PAKISTAN FIFTY YEARS OF INDEPENDENCE.PAKISTAN 1947-1997
Entry Topical Term
001 - CONTROL NUMBER
- control field: 79876
003 - CONTROL NUMBER IDENTIFIER
- control field: NUST
005 - DATE AND TIME OF LATEST TRANSACTION
- control field: 20210628210538.0
008 - FIXED-LENGTH DATA ELEMENTS
- fixed length control field: 210628|| aca||aabn | a|a d
040 ## - CATALOGING SOURCE
- Original cataloging agency: NUST
- Transcribing agency: NUST
150 ## - HEADING--TOPICAL TERM
- Topical term or geographic name entry element: PAKISTAN FIFTY YEARS OF INDEPENDENCE.PAKISTAN 1947-1997
670 ## - SOURCE DATA FOUND
- Source citation: Work cat.: (NUST): Grover, Verinder,Arora, Ranjana 79875, Pakistan fifty years of independence, 1997
